000 00446nam a2200181Ia 4500
001 9407
005 20260306161716.0
008 260306t2012||||xx |||||||||||||| ||spa||
041 _aESP
082 _a378.8
_bL42
100 _aLeite, Denise
_eAUT
245 0 _aPolíticas de evaluación universitaria en América Latina
260 _c2012
300 _a294 páginas :
_c20 cm.
650 _aGEN
654 _aCHU
942 _cLIB
_dJUS
_fJUS
_2ddc
_n
999 _c9407
_d9407